Educational choices and educational contraints evidence from Bolivia
Guardado en:
| Autor principal: | |
|---|---|
| Formato: | Libro |
| Lenguaje: | inglés |
| Publicado: |
Washington
International Monetary Fund
2000
|
| Colección: | IMF Working Paper
WP/00/42 |
| Materias: | |
| Etiquetas: |
Sin Etiquetas, Sea el primero en etiquetar este registro!
|
MARC
| LEADER | 00000nam a2200000 4500 | ||
|---|---|---|---|
| 001 | c124161 | ||
| 005 | 20221221082144.8 | ||
| 041 | 0 | |a eng | |
| 044 | |a US | ||
| 245 | 1 | 0 | |a Educational choices and educational contraints |b evidence from Bolivia |c Gabriela Inchauste |
| 264 | 1 | |a Washington |b International Monetary Fund |c 2000 | |
| 300 | |a 33 s. | ||
| 490 | 1 | |a IMF Working Paper |v WP/00/42 | |
| 830 | 0 | |a IMF Working Paper |v WP/00/42 | |
| 610 | 2 | 0 | |a vzdelávanie |
| 610 | 2 | 0 | |a výchova |
| 610 | 2 | 0 | |a vzdelanie |
| 610 | 2 | 0 | |a školstvo |
| 610 | 2 | 0 | |a Bolívia |
| 100 | 1 | |a Inchauste, Gabriela | |